| 000 | 00539nam a22001697a 4500 | ||
|---|---|---|---|
| 999 |
_c166684 _d166684 |
||
| 005 | 20190805101113.0 | ||
| 010 | _aENG-126123 | ||
| 020 |
_a9788194075400 _c499.00 |
||
| 035 | _aEN-109655 | ||
| 037 | _bDBAD/PUB | ||
| 082 | _a954.035 | ||
| 245 |
_aThe Voices of Gandhi : _cedited by Arjun Goswami _bA collection of Essays on communal Question/ |
||
| 260 |
_aKolkata _bDulal Chandra Singha _c2018 |
||
| 270 |
_aPriya Book House,64,College Street _e700073 |
||
| 300 |
_a224p. _b21cm(pbk) |
||
| 942 |
_2ddc _cEN _h954.035 _mVOI |
||